Statistics for US Split Presidents

Click here to take the quiz!

General Stats

  • This quiz has been taken 17 times
  • The average score is 19 of 30

Answer Stats

HintAnswer% Correct
First LetterA
100%
Beavers HomesDams
100%
Adams
87%
Frozen WaterIce
87%
Fit of AngerRage
87%
SprintRun
87%
Chemical symbol of SodiumNA
80%
ZeroNil
80%
AlrightOK
80%
Plant seedssow
80%
Wilson
80%
For eachPer
73%
Reagan
73%
Pierce
67%
Roosevelt
67%
Clinton
60%
Bandage MaterialLint
60%
Old name for music albumLP
60%
Polk
60%
ScamCon
53%
Garfield
47%
UtensilTool
47%
Truman
47%
Pull behindDrag
40%
SuspendHang
40%
Harding
40%
Floor coveringMat
40%
Cut offSever
40%
Collection of dataFile
33%
PurgeRid
33%

Score Distribution

Percentile by Number Answered

Percent of People with Each Score

Your Score History

You have not taken this quiz